000 00487nam a2200181Ia 4500
001 12551
005 20260306162950.0
008 260306t2019||||xx |||||||||||||| ||spa||
041 _aESP
082 _aHR 346.13
_bV. 5 Nº 1 2019 NOMBRES
110 _aRegistro Nacional de Identificación y Estado Civil
245 0 _aNombres:
_brevista académica del RENIEC
260 _c2019
300 _a195 páginas :
_c21 cm.
650 _aGEN
654 _aCHU
942 _cREV
_dJUS
_fJUS
_2ddc
_n
999 _c12551
_d12551